Sports Quiz

Random Sports or Auto Racing Quiz

NASCAR All-Time Race Winners Quiz Stats

 Plays Quiz Updated Apr 30, 2019

Score 0/21 Timer 07:00
1 Play Today
# Wins Driver % Correct
93Jeff Gordon
93.3%
76Dale Earnhardt
91.6%
200Richard Petty
91.1%
83*Jimmie Johnson
89.3%
54Lee Petty
85.2%
50Junior Johnson
84.1%
49Tony Stewart
69.4%
84Darrell Waltrip
63.1%
40Mark Martin
60.8%
45*Kevin Harvick
59.1%
55Rusty Wallace
55%
# Wins Driver % Correct
83Cale Yarborough
54.9%
84Bobby Allison
54.6%
50Ned Jarrett
47.4%
39Matt Kenseth
46.6%
105David Pearson
45%
44Bill Elliott
37.7%
51*Kyle Busch
37.1%
46Buck Baker
24.1%
39Tim Flock
18.3%
48Herb Thomas
12.7%

You're not logged in!

Compare scores with friends on all Sporcle quizzes.
OR
Log In

Sporcle TV

Today on Sporcle TV


Watch our educational content, quiz creation guides, and fun videos on Sporcle TV.

Show Comments

Extras

Top Quizzes Today


Score Distribution

Your Account Isn't Verified!

In order to create a playlist on Sporcle, you need to verify the email address you used during registration. Go to your Sporcle Settings to finish the process.

Report this User

Report this user for behavior that violates our Community Guidelines.

Details: